[Event "Washington Open"]
[Site "Chess.com"]
[Date "2020.05.24"]
[Round "?"]
[White "Zhang, Ethan"]
[Black "Verma, Darsh"]
[Result "1-0"]
[WhiteElo "1169"]
[BlackElo "840"]
[PlyCount "153"]
[EventDate "2020.??.??"]

1. d4 d5 2. c4 e6 3. Nc3 Nf6 4. Bg5 Be7 5. Nf3 Nc6 6. e3 h6 7. Bh4 Bd7 8. Bxf6
Bxf6 9. cxd5 exd5 10. Nxd5 O-O 11. Bc4 Be6 12. Nxf6+ Qxf6 13. Bxe6 Qxe6 14. d5
Qe7 15. dxc6 bxc6 16. O-O Rfd8 17. Qa4 Qf6 18. b3 a6 19. Rac1 Rd6 20. Nd4 h5
21. Rxc6 h4 22. h3 g5 23. Rxc7 g4 24. hxg4 Kh7 25. Rc6 Rg8 26. Rxd6 Qxd6 27.
Nf5 Qf6 28. Qd4 Qg5 29. Rc1 Rd8 30. Qg7+ Qxg7 31. Nxg7 Kxg7 32. Kf1 f6 33. Ke2
Kg6 34. Rc6 Ra8 35. e4 Kg5 36. Kf3 Ra7 37. Rc5+ Kg6 38. Rh5 a5 39. Rxh4 a4 40.
Ke2 axb3 41. axb3 Rb7 42. Rh3 Kg5 43. f3 Kf4 44. g3+ Ke5 45. Rh5+ Ke6 46. Rd5
Rxb3 47. Rd3 Rb2+ 48. Ke3 Rb8 49. f4 Rg8 50. f5+ Ke7 51. Kf4 Rg7 52. Rd5 Kf8
53. Rb5 Re7 54. e5 fxe5+ 55. Rxe5 Rf7 56. g5 Kg7 57. g6 Rf6 58. Re7+ Kg8 59.
Kg5 Rf8 60. f6 Ra8 61. Kh6 Rf8 62. f7+ Rxf7 63. gxf7+ Kf8 64. Re6 Kxf7 65. Ra6
Ke7 66. Kg5 Kf7 67. Rb6 Kg7 68. Rb7+ Kf8 69. Kg6 Ke8 70. Kf6 Kd8 71. Ke6 Kc8
72. Rh7 Kd8 73. g4 Kc8 74. Kd6 Kb8 75. Kc6 Ka8 76. Kb6 Kb8 77. Rh8# 1-0

[Event "Washington Open"]
[Site "Chess.com"]
[Date "2020.05.25"]
[Round "?"]
[White "Devadithya, Hiruna"]
[Black "Verma, Darsh"]
[Result "1/2-1/2"]
[WhiteElo "1148"]
[BlackElo "840"]
[PlyCount "43"]
[EventDate "2020.??.??"]

1. e4 e5 2. Nf3 Nc6 3. Bb5 d6 4. d4 Bd7 5. d5 Nce7 6. Bxd7+ Qxd7 7. Nc3 Nf6 8.
O-O Ng6 9. Re1 Be7 10. h3 O-O 11. Nh2 Rfc8 12. Rf1 c6 13. dxc6 bxc6 14. f4 exf4
15. Bxf4 Nxf4 16. Rxf4 Rd8 17. Qf1 Rac8 18. Rd1 Qc7 19. Re1 Qb6+ 20. Kh1 Qxb2
21. Re3 Qb7 22. Ref3 1/2-1/2

[Event "Washington Open"]
[Site "Chess.com"]
[Date "2020.05.25"]
[Round "?"]
[White "Verma, Darsh"]
[Black "Kolar, Jonah"]
[Result "0-1"]
[WhiteElo "840"]
[BlackElo "1187"]
[PlyCount "109"]
[EventDate "2020.??.??"]

1. e4 c6 2. Nf3 d5 3. exd5 cxd5 4. d4 Bg4 5. Be2 Nf6 6. Nc3 e6 7. O-O Nc6 8. h3
Bh5 9. Bg5 Be7 10. Ne5 Bxe2 11. Nxe2 Qc7 12. Nxc6 bxc6 13. Bf4 Qb6 14. b3 O-O
15. Re1 c5 16. Be3 Rfc8 17. dxc5 Bxc5 18. Bxc5 Rxc5 19. Ng3 Rac8 20. Re2 Rc3
21. Kh2 Qc7 22. Rc1 Ne4 23. Kg1 Nxg3 24. fxg3 Qxg3 25. Qd2 Qc7 26. Kh1 Qc5 27.
Kh2 Qd6+ 28. Kg1 Qa3 29. Rce1 h6 30. Rxe6 fxe6 31. Rxe6 Qf8 32. Qxd5 Qc5+ 33.
Qxc5 R8xc5 34. Re8+ Kh7 35. Ra8 Rc7 36. a4 Rxc2 37. b4 R2c4 38. Rb8 a5 39. b5
Rxa4 40. b6 Rc1+ 41. Kh2 Rb1 42. b7 Rab4 43. Ra8 Rxb7 44. Rxa5 R7b3 45. Ra2
R1b2 46. Ra1 Rc2 47. Rf1 Rbb2 48. Rg1 Kg6 49. Kh1 Kg5 50. Kh2 Kh4 51. Kh1 Kg3
52. Ra1 Rxg2 53. Ra3+ Kf2 54. Ra1 Rg3 55. Rc1 0-1

[Event "Washington Open"]
[Site "Chess.com"]
[Date "2020.05.23"]
[Round "?"]
[White "Joshi, Atharva"]
[Black "Cheng, Ethan"]
[Result "0-1"]
[WhiteElo "1332"]
[BlackElo "828"]
[PlyCount "180"]
[EventDate "2020.??.??"]

1. e4 e5 2. Nf3 Nc6 3. Bc4 Nf6 4. d3 Bc5 5. c3 d5 6. exd5 Nxd5 7. O-O Bg4 8.
Nbd2 Nb6 9. Bb3 Qxd3 10. Bxf7+ Kxf7 11. Ng5+ Ke8 12. Qxg4 h6 13. Qe6+ Ne7 14.
Nf7 Rf8 15. Nxe5 Qd5 16. Qxd5 Nbxd5 17. Ndf3 g5 18. h3 Rd8 19. a3 a5 20. b4
axb4 21. cxb4 Ba7 22. Bb2 Rd6 23. Rac1 Ng6 24. Nxg6 Rxg6 25. Be5 c6 26. Bd4
Rxf3 27. Rfe1+ Kd7 28. Bxa7 Rxa3 29. Red1 Rxa7 30. b5 Ke7 31. bxc6 bxc6 32. Rc5
Rd7 33. Rdc1 Nb4 34. R1c4 Rb7 35. f3 Rb6 36. Re5+ Re6 37. Rxe6+ Kxe6 38. Kf2
Kd5 39. Re4 c5 40. Ke2 Re6 41. Rxe6 Kxe6 42. Kd2 Ke5 43. g3 Nd5 44. Kd3 h5 45.
Kc4 Kd6 46. Kd3 Ke5 47. Kc4 Kd6 48. Kd3 Nb4+ 49. Kc4 Nc2 50. Kd3 Ne1+ 51. Ke2
Nc2 52. Kd3 Nd4 53. f4 gxf4 54. gxf4 Nf5 55. Ke4 Ke6 56. Kd3 Nd6 57. Ke3 Kf5
58. Kf3 c4 59. Ke3 Ne4 60. Kd4 c3 61. Kd3 Kxf4 62. Kc2 Kg3 63. Kd3 Kxh3 64. Kc2
Kg2 65. Kd3 h4 66. Kc2 h3 67. Kd3 h2 68. Kc2 h1=Q 69. Kd3 Qd1+ 70. Kc4 Nc5 71.
Kb5 Qb3+ 72. Kc6 Nd3 73. Kd6 Nf2 74. Kc5 Nh1 75. Kd6 Qc4 76. Ke5 Qd3 77. Ke6
Qd4 78. Kf5 Qe3 79. Kg4 Qf2 80. Kg5 Qf3 81. Kh4 c2 82. Kg5 Kg3 83. Kh6 Qg4 84.
Kh7 Qg5 85. Kh8 Nf2 86. Kh7 Ne4 87. Kh8 Kf4 88. Kh7 Kf5 89. Kh8 Kf6 90. Kh7
Qg7# 0-1

[Event "Washington Open"]
[Site "Chess.com"]
[Date "2020.05.23"]
[Round "?"]
[White "Cheng, Ethan"]
[Black "Wang, Jalen"]
[Result "0-1"]
[WhiteElo "828"]
[BlackElo "1263"]
[PlyCount "70"]
[EventDate "2020.??.??"]

1. c4 Nf6 2. Nc3 g6 3. Nf3 Bg7 4. g3 d5 5. cxd5 Nxd5 6. Bg2 O-O 7. O-O c5 8. d3
Nxc3 9. bxc3 Nc6 10. Bb2 b6 11. Rb1 Bb7 12. c4 Qd7 13. Bxg7 Kxg7 14. Qc2 f6 15.
Rfd1 e5 16. e3 Rad8 17. a3 Ne7 18. Rb3 Bc6 19. Nd2 Ba4 20. Qc3 Bxb3 21. Nxb3
Rfe8 22. d4 cxd4 23. exd4 exd4 24. Nxd4 Nf5 25. Nxf5+ Qxf5 26. Rxd8 Qb1+ 27.
Bf1 Rxd8 28. Qe3 Rd1 29. Qe7+ Kh6 30. Qf8+ Kh5 31. g4+ Kg5 32. f4+ Kxg4 33.
Qc8+ f5 34. h3+ Kg3 35. Qe6 Rxf1# 0-1

[Event "Washington Open"]
[Site "Chess.com"]
[Date "2020.05.24"]
[Round "?"]
[White "Devadithya, Hiruna"]
[Black "Cheng, Ethan"]
[Result "0-1"]
[WhiteElo "1148"]
[BlackElo "828"]
[PlyCount "166"]
[EventDate "2020.??.??"]

1. e4 e5 2. Nf3 Nc6 3. Bb5 a6 4. Ba4 b5 5. Bb3 Nf6 6. O-O a5 7. a3 Bc5 8. c3
O-O 9. d4 exd4 10. cxd4 Bb6 11. e5 Ne8 12. Bg5 Ne7 13. d5 h6 14. Bh4 Bc5 15.
Nc3 g5 16. Nxg5 hxg5 17. Bxg5 d6 18. e6 f6 19. Bh6 Ng7 20. Qg4 Nef5 21. Bxg7
Nxg7 22. Rfe1 Rb8 23. Qg3 Qe7 24. Re4 f5 25. Rh4 c6 26. Qh3 Nxe6 27. Rh8+ Kf7
28. dxe6+ Ke8 29. Qh5+ Kd8 30. Rxf8+ Qxf8 31. Qf7 Qxf7 32. exf7 d5 33. Re1 Kc7
34. Nxd5+ cxd5 35. Bxd5 Bd7 36. Rc1 Kd6 37. Rd1 Be6 38. f8=Q+ Rxf8 39. Bc4+ Ke7
40. Bxb5 Rb8 41. a4 Rd8 42. Rxd8 Kxd8 43. Kf1 Kc7 44. Ke2 Bd6 45. h4 Be5 46. h5
Bxb2 47. Kf3 Be5 48. g3 Bd5+ 49. Ke3 Kd6 50. f4 Bf6 51. Be8 Kc5 52. h6 Bd4+ 53.
Ke2 Kb4 54. h7 Bb3 55. Kd3 Bc3 56. Ke3 Bh8 57. Kf3 Bxa4 58. Bf7 Bd1+ 59. Kg2 a4
60. Kh3 Bg4+ 61. Kh4 a3 62. Kg5 Kc3 63. Kg6 Kb2 64. Be6 a2 65. Bxa2 Kxa2 66.
Kf7 Bd4 67. Kg8 Kb3 68. h8=Q Bxh8 69. Kxh8 Kc3 70. Kg7 Kd3 71. Kg6 Ke3 72. Kg5
Kf3 73. Kh4 Kf2 74. Kg5 Kxg3 75. Kf6 Kxf4 76. Ke6 Ke3 77. Kd5 Ke2 78. Ke5 Ke3
79. Kd5 f4 80. Kc4 f3 81. Kc3 f2 82. Kc4 f1=Q+ 83. Kd5 Be6+ 0-1

[Event "Washington Open"]
[Site "Chess.com"]
[Date "2020.05.24"]
[Round "?"]
[White "Cheng, Ethan"]
[Black "Suess, Wade"]
[Result "1-0"]
[WhiteElo "828"]
[BlackElo "1195"]
[PlyCount "71"]
[EventDate "2020.??.??"]

1. c4 e5 2. Nc3 Nf6 3. g3 d5 4. cxd5 Nxd5 5. Bg2 Be6 6. d3 Bb4 7. Bd2 c6 8. a3
Bc5 9. Nf3 Nd7 10. Ng5 Nxc3 11. bxc3 Bf5 12. O-O Nf6 13. Be3 Bxe3 14. fxe3 Bg6
15. d4 Ng4 16. Nf3 Nxe3 17. Qb3 Nxf1 18. Rxf1 exd4 19. cxd4 Qe7 20. Ne5 O-O 21.
Nxg6 hxg6 22. e3 Rae8 23. e4 Qd7 24. d5 cxd5 25. exd5 Qe7 26. Rd1 Qe3+ 27. Qxe3
Rxe3 28. d6 Rxa3 29. d7 Rd8 30. Bxb7 Rc3 31. Ba6 Kf8 32. Bb5 Rc5 33. Ba4 a6 34.
Re1 Rc4 35. Re8+ Rxe8 36. dxe8=Q# 1-0

[Event "Washington Open"]
[Site "Chess.com"]
[Date "2020.05.25"]
[Round "?"]
[White "Cheng, Ethan"]
[Black "Stein, Daniel"]
[Result "0-1"]
[WhiteElo "828"]
[BlackElo "1555"]
[PlyCount "110"]
[EventDate "2020.??.??"]

1. c4 e5 2. Nc3 Nf6 3. g3 Bb4 4. Bg2 O-O 5. Nf3 Re8 6. O-O Bxc3 7. bxc3 d6 8.
d4 Nc6 9. Rb1 Rb8 10. Nd2 Bd7 11. Nb3 e4 12. c5 d5 13. Bf4 h6 14. Re1 Bf5 15.
Rb2 Qd7 16. f3 Bh7 17. Qc1 Qe7 18. Be3 Nd8 19. Nd2 c6 20. c4 Qd7 21. Nf1 Ne6
22. Qc3 Nc7 23. Bd2 dxc4 24. Qxc4 Ncd5 25. Reb1 exf3 26. Bxf3 Bxb1 27. Rxb1 Ne4
28. Qd3 Nxd2 29. Nxd2 Re3 30. Qc2 Nc3 31. Re1 Qxd4 32. Kh1 Qxc5 33. Ne4 Nxe4
34. Bxe4 Qxc2 35. Bxc2 Rbe8 36. Bd3 Rxd3 37. exd3 Rxe1+ 38. Kg2 Re2+ 39. Kf3
Rxa2 40. Ke4 Rxh2 41. g4 a5 42. d4 a4 43. Ke5 a3 44. Kd6 a2 45. Kc7 a1=Q 46.
Kxb7 Rb2+ 47. Kxc6 Qc1+ 48. Kd5 Rd2 49. Ke4 Qe1+ 50. Kd5 Qe3 51. Kc5 Qxd4+ 52.
Kc6 Rc2+ 53. Kb5 Rc5+ 54. Kb6 Qd6+ 55. Kb7 Rc7+ 0-1

[Event "Washington Open"]
[Site "Chess.com"]
[Date "2020.05.25"]
[Round "?"]
[White "Li, Emma"]
[Black "Cheng, Ethan"]
[Result "1-0"]
[WhiteElo "1342"]
[BlackElo "828"]
[PlyCount "75"]
[EventDate "2020.??.??"]

1. e4 e5 2. Nf3 Nc6 3. Nc3 Nf6 4. Bb5 Bb4 5. O-O O-O 6. d3 h6 7. Bxc6 bxc6 8.
Nxe5 Re8 9. Bf4 Nh5 10. Qxh5 Qf6 11. Bg3 Bxc3 12. bxc3 d6 13. Nxc6 Qxc3 14. Qd5
Be6 15. Ne7+ Kh8 16. Qc6 Qxc6 17. Nxc6 Bd7 18. Nd4 Rab8 19. Rab1 c5 20. Nf3
Rxb1 21. Rxb1 Be6 22. Bxd6 Bxa2 23. Ra1 Be6 24. Bxc5 Rc8 25. d4 f5 26. e5 Rb8
27. h3 Rb2 28. c3 Bc4 29. Rxa7 Rb8 30. Nh4 Bd3 31. d5 Be4 32. d6 Rd8 33. e6 Bc6
34. e7 Re8 35. d7 Bxd7 36. Rxd7 Kh7 37. Rd8 Rxd8 38. exd8=Q 1-0

[Event "Washington Open"]
[Site "Chess.com"]
[Date "2020.05.23"]
[Round "?"]
[White "Ghosh, Yohan"]
[Black "Jammalamadaka, Vihaan"]
[Result "0-1"]
[WhiteElo "825"]
[BlackElo "1312"]
[PlyCount "98"]
[EventDate "2020.??.??"]

1. e4 c5 2. Nf3 Nc6 3. d4 cxd4 4. Nxd4 Nf6 5. Nc3 e6 6. Bg5 Bb4 7. Bd3 Nxd4 8.
e5 h6 9. Be3 Nxc2+ 10. Qxc2 Nd5 11. O-O Nxe3 12. fxe3 O-O 13. Be2 Qg5 14. Rf3
b6 15. Rg3 Qxe5 16. Bf3 d5 17. Qd2 Bc5 18. Kh1 Qxe3 19. Qxe3 Bxe3 20. Bxd5 exd5
21. Rxe3 d4 22. Rd3 dxc3 23. Rxc3 Be6 24. Rc7 Rfc8 25. Rac1 Rxc7 26. Rxc7 Rc8
27. Rxc8+ Bxc8 28. Kg1 Be6 29. b3 a5 30. Kf2 a4 31. bxa4 Bxa2 32. Ke3 Bb3 33.
Kd4 Bxa4 34. Kc4 b5+ 35. Kb4 Kh7 36. g3 Kg6 37. h3 f5 38. g4 fxg4 39. h4 g3 40.
h5+ Kxh5 41. Ka5 g2 42. Kb4 g1=Q 43. Ka5 Qe1+ 44. Kb6 b4 45. Ka5 b3+ 46. Kxa4
b2 47. Kb3 b1=Q+ 48. Kc4 Qee4+ 49. Kc5 Qbb4# 0-1

[Event "Washington Open"]
[Site "Chess.com"]
[Date "2020.05.23"]
[Round "?"]
[White "Nallabothula, Varin"]
[Black "Federov, Vladimir"]
[Result "1-0"]
[WhiteElo "1293"]
[BlackElo "819"]
[PlyCount "85"]
[EventDate "2020.??.??"]

1. e4 e5 2. Nf3 Nc6 3. Bb5 Nf6 4. O-O Bc5 5. Bxc6 dxc6 6. Nxe5 O-O 7. d3 Bd4 8.
Nf3 Bg4 9. h3 Bh5 10. c3 Bb6 11. Bg5 h6 12. Bh4 Qd7 13. Bxf6 gxf6 14. d4 Kh7
15. Kh1 Rg8 16. Nbd2 Rg7 17. g4 Bxg4 18. hxg4 Qxg4 19. Rg1 Qh3+ 20. Nh2 Rag8
21. Rxg7+ Rxg7 22. Qf3 Qxf3+ 23. Nhxf3 Kg6 24. Rg1+ Kh7 25. Rxg7+ Kxg7 26. Nh4
h5 27. Nc4 Kh6 28. f4 Kg7 29. b4 Kf8 30. a4 a6 31. a5 Ba7 32. Nd2 Ke7 33. Nf1
Ke6 34. Ng3 b6 35. Nxh5 bxa5 36. bxa5 c5 37. d5+ Ke7 38. Nf5+ Kf8 39. c4 Ke8
40. Nxf6+ Kf8 41. Nd7+ Ke8 42. Ne5 Bb8 43. Nc6 1-0

[Event "Washington Open"]
[Site "Chess.com"]
[Date "2020.05.23"]
[Round "?"]
[White "Federov, Vladimir"]
[Black "Joshi, Atharva"]
[Result "0-1"]
[WhiteElo "819"]
[BlackElo "1332"]
[PlyCount "82"]
[EventDate "2020.??.??"]

1. e4 e5 2. Nf3 Nf6 3. Nxe5 d6 4. Nf3 Bg4 5. Be2 Nc6 6. d3 Be7 7. Nc3 O-O 8.
Bg5 h6 9. Bh4 Bxf3 10. Bxf3 Re8 11. O-O Nd7 12. Bxe7 Nxe7 13. Qd2 Ng6 14. Nd5
Nde5 15. Bh5 c6 16. Nc3 Re6 17. Rae1 Qh4 18. Be2 Nf4 19. Qe3 Rg6 20. Bf3 Nxf3+
21. Qxf3 Rxg2+ 22. Qxg2 Nxg2 23. Kxg2 Qg4+ 24. Kh1 Re8 25. Rg1 Qf3+ 26. Rg2 Re6
27. Re3 Qf6 28. a3 d5 29. Re1 d4 30. Ne2 c5 31. Ng3 g6 32. Nh5 Qf3 33. Ng3 h5
34. b4 h4 35. Nf5 h3 36. Nh4 hxg2+ 37. Kg1 Qf6 38. Nxg2 cxb4 39. axb4 Rb6 40.
Rb1 Qd6 41. b5 a6 0-1

[Event "Washington Open"]
[Site "Chess.com"]
[Date "2020.05.24"]
[Round "?"]
[White "Shanmugam, Varsha"]
[Black "Federov, Vladimir"]
[Result "0-1"]
[WhiteElo "616"]
[BlackElo "819"]
[PlyCount "92"]
[EventDate "2020.??.??"]

1. e4 e5 2. Nf3 Nc6 3. Bc4 Bc5 4. O-O Nf6 5. d3 O-O 6. c3 d6 7. h3 Be6 8. Bb3
h6 9. Nbd2 d5 10. Re1 d4 11. Nf1 Qd7 12. Ng3 dxc3 13. bxc3 Bxh3 14. gxh3 Qxh3
15. Nf5 Ng4 16. Rf1 g6 17. N5h4 Qg3+ 18. Kh1 Bxf2 19. Qe2 Bc5 20. Nxg6 Nf2+ 21.
Rxf2 Bxf2 22. Bxh6 Qh3+ 23. Nh2 Qxh6 24. Nxf8 Bg3 25. Rf1 Rxf8 26. Qg4+ Kh7 27.
Qxg3 Nd8 28. Qf2 Kg7 29. Rg1+ Kh7 30. Qf5+ Kh8 31. Qxe5+ f6 32. Qe6 Nxe6 33.
Bxe6 Qe3 34. Rg4 Qe1+ 35. Rg1 Qxc3 36. Rg6 Qa1+ 37. Kg2 Qb2+ 38. Kh3 Qd2 39.
Rh6+ Qxh6+ 40. Kg2 Qd2+ 41. Kh1 Qxd3 42. a4 Qxe4+ 43. Kg1 Qxe6 44. Kg2 Qe2+ 45.
Kh3 Rg8 46. Kh4 Qxh2# 0-1

[Event "Washington Open"]
[Site "Chess.com"]
[Date "2020.05.24"]
[Round "?"]
[White "O'Brien, Hansol"]
[Black "Federov, Vladimir"]
[Result "0-1"]
[WhiteElo "1229"]
[BlackElo "819"]
[PlyCount "116"]
[EventDate "2020.??.??"]

1. e4 e5 2. Nf3 Nc6 3. Nc3 Nf6 4. Bb5 Bc5 5. Nxe5 Nxe5 6. d4 Bd6 7. dxe5 Bxe5
8. O-O O-O 9. Bd3 d5 10. Bg5 Be6 11. f4 Bd4+ 12. Kh1 Qc8 13. Bxf6 Bxf6 14. exd5
Bg4 15. Qd2 Rd8 16. h3 Bf5 17. Bxf5 Qxf5 18. Rad1 c6 19. d6 Rd7 20. g4 Qc5 21.
Ne4 Qb5 22. Nxf6+ gxf6 23. Qd4 Rad8 24. Qxf6 Rxd6 25. Qxd8+ Rxd8 26. Rxd8+ Kg7
27. Re1 Qxb2 28. Ree8 Qb1+ 29. Kg2 Qxc2+ 30. Kg3 Qc3+ 31. Kf2 Qa3 32. g5 Qc5+
33. Kf3 Qc3+ 34. Kg4 h5+ 35. Kh4 Qf3 36. Rg8+ Kh7 37. Rh8+ Kg6 38. Rh6+ Kg7 39.
Rf6 Qf2+ 40. Kxh5 Qg3 41. Rd3 Qxd3 42. Kg4 c5 43. h4 Qd1+ 44. Kf5 Qh5 45. Rh6
Qf3 46. h5 Qd3+ 47. Kg4 c4 48. Rf6 Qe2+ 49. Kh4 Qh2+ 50. Kg4 c3 51. h6+ Kg8 52.
f5 c2 53. g6 fxg6 54. Rxg6+ Kf8 55. Kg5 c1=Q+ 56. Kf6 Qh4+ 57. Ke6 Qc6+ 58. Ke5
Qhe4# 0-1

[Event "Washington Open"]
[Site "Chess.com"]
[Date "2020.05.25"]
[Round "?"]
[White "Federov, Vladimir"]
[Black "Zhang, Ethan"]
[Result "0-1"]
[WhiteElo "819"]
[BlackElo "1169"]
[PlyCount "72"]
[EventDate "2020.??.??"]

1. e4 e5 2. Nf3 Nc6 3. Nc3 Nf6 4. Bb5 Bb4 5. O-O O-O 6. d3 h6 7. Be3 d6 8. a3
Ba5 9. b4 Bb6 10. Bxb6 axb6 11. d4 Bg4 12. dxe5 dxe5 13. Bxc6 bxc6 14. h3 Qxd1
15. Raxd1 Bxf3 16. gxf3 Rxa3 17. Rd3 Raa8 18. Kg2 Nh5 19. Rd7 Nf4+ 20. Kg3 Ne6
21. b5 c5 22. Nd5 Ra5 23. c4 Ra3 24. Nxc7 Ng5 25. Rh1 Nxe4+ 26. Kg2 Ng5 27. Re7
f6 28. Ne6 Nxe6 29. Rxe6 Rc3 30. Rxb6 Rxc4 31. Rc6 Rb8 32. Rb1 Rb4 33. Rxb4
cxb4 34. Rc5 b3 35. Kf1 b2 36. Ke2 b1=Q 0-1

[Event "Washington Open"]
[Site "Chess.com"]
[Date "2020.05.25"]
[Round "?"]
[White "Federov, Vladimir"]
[Black "Smith, Andrew"]
[Result "0-1"]
[WhiteElo "819"]
[BlackElo "1135"]
[PlyCount "52"]
[EventDate "2020.??.??"]

1. e4 c5 2. Nf3 g6 3. d4 cxd4 4. Qd3 Nc6 5. Nxd4 Bg7 6. Nxc6 bxc6 7. Be2 d6 8.
Nc3 Nf6 9. Be3 Qc7 10. O-O-O a5 11. Qd2 Rb8 12. f4 Nxe4 13. Qd3 Nxc3 14. bxc3
Bf5 15. Qc4 O-O 16. g4 Be6 17. Qa4 Bxc3 18. Bd4 Bxd4 19. Rxd4 c5 20. Rdd1 Rb4
21. Qa3 d5 22. f5 Rfb8 23. Rdf1 Qe5 24. Bd3 Qe3+ 25. Kd1 Rb1+ 26. Qc1 Rxc1# 0-1

[Event "Washington Open"]
[Site "Chess.com"]
[Date "2020.05.23"]
[Round "?"]
[White "Metzmaker, Suya"]
[Black "Kolar, Tom"]
[Result "0-1"]
[WhiteElo "801"]
[BlackElo "1277"]
[PlyCount "146"]
[EventDate "2020.??.??"]

1. e4 Nf6 2. e5 Nd5 3. d4 d6 4. exd6 cxd6 5. Nf3 Nc6 6. Bd2 Bg4 7. Be2 g6 8.
Nc3 Nf6 9. h3 Bd7 10. Be3 Bg7 11. Qd2 O-O 12. O-O-O Bf5 13. g4 Ne4 14. Nxe4
Bxe4 15. h4 e5 16. Bh6 Nxd4 17. h5 Nxe2+ 18. Qxe2 Bxh6+ 19. Kb1 Bxf3 20. Qxf3
g5 21. Qxb7 Qb6 22. Qe7 Rad8 23. Rd5 Qxf2 24. Rhd1 Rfe8 25. Qc7 Bf8 26. R5d2
Qb6 27. Qc4 Rb8 28. b3 a5 29. Rf1 Rb7 30. Rdf2 Re6 31. Qd3 h6 32. Qc4 Rc7 33.
Qe4 Qb7 34. Qa4 Qb4 35. Qxb4 axb4 36. Kb2 d5 37. Kc1 e4 38. Rf5 Rd7 39. Kd2 d4
40. Rb5 Ra7 41. Ra1 f6 42. Rd5 e3+ 43. Ke2 Re4 44. Kf3 Rf4+ 45. Ke2 Rxg4 46.
Rf5 Kg7 47. Raf1 Be7 48. Rd5 Rxa2 49. Kd3 Rh4 50. Rd1 Rxh5 51. Kxd4 e2 52. Re1
Rxc2 53. Kd3 Rb2 54. Rxe2 Rxe2 55. Kxe2 Rh3 56. Rd7 Kf7 57. Kd2 Rxb3 58. Kc2
Rf3 59. Kb2 g4 60. Kc2 h5 61. Kb2 h4 62. Kc2 h3 63. Kb2 h2 64. Kc2 h1=Q 65. Kb2
Qg2+ 66. Kc1 Rf1+ 67. Rd1 Rxd1+ 68. Kxd1 Ke6 69. Kc1 Kd5 70. Kb1 Kc4 71. Kc1
Kd3 72. Kb1 Kc3 73. Ka1 Qb2# 0-1

[Event "Washington Open"]
[Site "Chess.com"]
[Date "2020.05.23"]
[Round "?"]
[White "Williamson, Michelle"]
[Black "Metzmaker, Suya"]
[Result "1-0"]
[WhiteElo "1118"]
[BlackElo "801"]
[PlyCount "133"]
[EventDate "2020.??.??"]

1. c4 c5 2. g3 Nc6 3. Bg2 g6 4. Nc3 Bg7 5. Nf3 Nf6 6. d4 cxd4 7. Nxd4 O-O 8.
O-O d6 9. Nxc6 bxc6 10. Bxc6 Rb8 11. Bg2 Bd7 12. e4 Qc7 13. Qd3 Be6 14. b3 Qc8
15. Bd2 Bh3 16. Rab1 Bxg2 17. Kxg2 Qc6 18. Nd5 Rfe8 19. f3 Nxd5 20. cxd5 Qc7
21. Rfc1 Qd7 22. Rc2 Rec8 23. Rbc1 Rxc2 24. Rxc2 Rb7 25. Rc6 h6 26. b4 Kh7 27.
a4 Qd8 28. b5 h5 29. Be3 Bf6 30. Qb3 g5 31. Qb4 Qb8 32. Bd4 Bxd4 33. Qxd4 f6
34. Qd3 Kg7 35. Qc3 Qd8 36. h3 Kg6 37. f4 Kf7 38. fxg5 fxg5 39. Qf3+ Kg6 40.
Kf2 Qd7 41. g4 hxg4 42. hxg4 Qd8 43. Qf5+ Kh6 44. Rc8 Qb6+ 45. Kf3 Qd4 46. Qf8+
Qg7 47. Qxg7+ Kxg7 48. Rc6 Kf6 49. Ke3 Ke5 50. Rc8 e6 51. Re8 Kf6 52. Rxe6+ Kf7
53. Rxd6 Ke7 54. Rc6 Kd7 55. Kd4 Ke7 56. e5 Kd7 57. e6+ Ke7 58. Ke5 Ke8 59. d6
Kf8 60. Kf6 Kg8 61. Rc7 Rb8 62. e7 Re8 63. d7 Rb8 64. d8=Q+ Kh7 65. Qxb8 a6 66.
e8=Q+ Kh6 67. Qh8# 1-0

[Event "Washington Open"]
[Site "Chess.com"]
[Date "2020.05.24"]
[Round "?"]
[White "Ma, Lucas"]
[Black "Metzmaker, Suya"]
[Result "1/2-1/2"]
[WhiteElo "1089"]
[BlackElo "801"]
[PlyCount "110"]
[EventDate "2020.??.??"]

1. e4 e5 2. Nf3 Nc6 3. Bc4 Bc5 4. c3 Nf6 5. d4 exd4 6. cxd4 Bb4+ 7. Nc3 Bxc3+
8. bxc3 d5 9. exd5 Nxd5 10. Bxd5 Qxd5 11. Qe2+ Qe6 12. Qxe6+ Bxe6 13. O-O O-O-O
14. Re1 Rhe8 15. Ba3 Bd5 16. Re3 Rxe3 17. fxe3 Re8 18. Kf2 Re6 19. Bc5 Rh6 20.
Kg1 Rf6 21. Kf2 Rh6 22. Kg1 Rf6 23. Nd2 Re6 24. c4 Be4 25. d5 Re5 26. Nxe4 Rxe4
27. dxc6 Rxc4 28. cxb7+ Kxb7 29. Rb1+ Kc8 30. Bxa7 Ra4 31. Bd4 g6 32. Rb2 f5
33. Rd2 g5 34. g3 h5 35. h3 Kb7 36. Rb2+ Kc8 37. Bf6 g4 38. hxg4 hxg4 39. Rc2
Kd7 40. Bd4 Kd6 41. Rf2 Ra5 42. Rc2 Ra4 43. Kf2 Kd7 44. Bc5 Ke6 45. a3 Kd5 46.
Bb4 c6 47. Rc5+ Ke4 48. Rxc6 Ra8 49. Re6+ Kd3 50. Rd6+ Ke4 51. Rd4+ Ke5 52.
Bd6+ Ke6 53. Bb4 Ke5 54. Bc3 Ke6 55. Bb4 Ke5 1/2-1/2

[Event "Washington Open"]
[Site "Chess.com"]
[Date "2020.05.25"]
[Round "?"]
[White "Metzmaker, Suya"]
[Black "Bhatia, Tanush"]
[Result "1-0"]
[WhiteElo "801"]
[BlackElo "1091"]
[PlyCount "133"]
[EventDate "2020.??.??"]

1. e4 e5 2. Nf3 Nc6 3. Bc4 Bc5 4. c3 d6 5. d4 exd4 6. cxd4 Bb6 7. Bb5 Bd7 8.
Nc3 h6 9. O-O Nge7 10. h3 O-O 11. Bf4 Ng6 12. Bg3 Re8 13. a3 a6 14. Bc4 Bc8 15.
Re1 Qf6 16. Nd5 Qd8 17. Nxb6 cxb6 18. Qd3 b5 19. Bb3 Qd7 20. e5 dxe5 21. Qxg6
exd4 22. Rxe8+ Qxe8 23. Re1 Be6 24. Bxe6 fxe6 25. Qxe6+ Qxe6 26. Rxe6 Rd8 27.
Rd6 Rxd6 28. Bxd6 b6 29. Kf1 d3 30. Ke1 a5 31. Kd2 b4 32. axb4 axb4 33. Kxd3
Nd8 34. Kc4 Ne6 35. Kxb4 g5 36. Kb5 Kf7 37. Kxb6 Ke8 38. Ka7 Kd7 39. Bg3 Nd8
40. Nd4 h5 41. h4 gxh4 42. Bxh4 Nf7 43. b4 Kc8 44. b5 Nd6 45. b6 Nb7 46. Be7 h4
47. Ka6 Kb8 48. f4 Ka8 49. f5 Nc5+ 50. Bxc5 h3 51. gxh3 Kb8 52. f6 Kc8 53. f7
Kd7 54. Bd6 Kxd6 55. f8=Q+ Kd5 56. Qh6 Kc5 57. Qg5+ Kc4 58. Nc6 Kc3 59. Qf4 Kd3
60. Kb5 Ke2 61. Qg3 Kf1 62. Qh2 Ke1 63. Kc4 Kd1 64. Kc3 Ke1 65. Kd3 Kf1 66. Ke3
Ke1 67. Qe2# 1-0

[Event "Washington Open"]
[Site "Chess.com"]
[Date "2020.05.25"]
[Round "?"]
[White "Staab, Doug"]
[Black "Metzmaker, Suya"]
[Result "1/2-1/2"]
[WhiteElo "1161"]
[BlackElo "801"]
[PlyCount "121"]
[EventDate "2020.??.??"]

1. d4 d5 2. Nf3 Nf6 3. Bg5 Bg4 4. g3 Nc6 5. Bg2 e6 6. c3 Bd6 7. Qb3 b6 8. Qb5
Qd7 9. Bxf6 gxf6 10. Nbd2 Nb8 11. Qxd7+ Nxd7 12. e4 dxe4 13. Nxe4 Be7 14. Nfd2
e5 15. Nxf6+ Bxf6 16. Bxa8 exd4 17. Ne4 Bg7 18. cxd4 Bxd4 19. O-O Bxb2 20. Rae1
Kd8 21. Re3 Bd4 22. Ra3 a5 23. Ng5 Ne5 24. Ra4 Bc5 25. Nxf7+ Nxf7 26. Rxg4 Ne5
27. Rd1+ Kc8 28. Rg5 Nf7 29. Rg7 Ne5 30. Rd5 Bd6 31. f4 Nf3+ 32. Kg2 Ne1+ 33.
Kf2 Re8 34. f5 Bc5+ 35. Kf1 Nc2 36. Rdd7 Ne3+ 37. Kf2 Nxf5+ 38. Kf3 Nxg7 39.
Rxg7 Re7 40. Rxe7 Bxe7 41. Bc6 Kd8 42. Ke4 Bd6 43. a4 Ke7 44. Kf5 Kf7 45. Bd5+
Kg7 46. Ke6 Kg6 47. Bc6 Kg5 48. Bf3 h5 49. h4+ Kg6 50. g4 hxg4 51. Bxg4 Bf4 52.
Kd5 Bg3 53. Kc6 Bxh4 54. Kxc7 Bf2 55. Kd6 Kg5 56. Be2 Kf4 57. Kd5 Ke3 58. Bb5
Kd2 59. Kc4 Kc2 60. Kd5 Kc3 61. Ke6 1/2-1/2

[Event "Washington Open"]
[Site "Chess.com"]
[Date "2020.05.23"]
[Round "?"]
[White "Wang, Jalen"]
[Black "Wang, Ted"]
[Result "1-0"]
[WhiteElo "1263"]
[BlackElo "779"]
[PlyCount "77"]
[EventDate "2020.??.??"]

1. c4 e5 2. g3 d5 3. cxd5 Qxd5 4. Nf3 Bb4 5. a3 Ba5 6. b4 Bb6 7. Nc3 Qd6 8. d4
exd4 9. Bf4 Qd8 10. Na4 Nc6 11. Nxb6 axb6 12. b5 Na7 13. Qxd4 Qxd4 14. Nxd4 c5
15. bxc6 bxc6 16. Bc7 b5 17. Bg2 Bd7 18. a4 Ne7 19. axb5 O-O 20. b6 Nb5 21.
Rxa8 Rxa8 22. Nxb5 Ra1+ 23. Kd2 Ra2+ 24. Kc3 cxb5 25. b7 b4+ 26. Kd3 Bf5+ 27.
Ke3 Ra3+ 28. Kd4 Bc8 29. b8=Q f6 30. Qxb4 Nf5+ 31. Kc5 Ra7 32. Bd5+ Kh8 33. Kb6
h5 34. Qf8+ Kh7 35. Bg8+ Kh8 36. Bf7+ Kh7 37. Qg8+ Kh6 38. Bf4+ g5 39. Qg6# 1-0

[Event "Washington Open"]
[Site "Chess.com"]
[Date "2020.05.23"]
[Round "?"]
[White "Wang, Ted"]
[Black "Smith, Andrew"]
[Result "0-1"]
[WhiteElo "779"]
[BlackElo "1135"]
[PlyCount "120"]
[EventDate "2020.??.??"]

1. e4 c5 2. Nf3 g6 3. d4 cxd4 4. Qxd4 Nf6 5. Nc3 Bg7 6. Qd1 Nc6 7. h3 O-O 8.
Bc4 d6 9. O-O e6 10. Be3 b6 11. Qd2 Bb7 12. Rad1 Na5 13. Bd3 a6 14. Na4 Nxe4
15. Bxe4 Bxe4 16. Qxd6 Bxf3 17. Qxd8 Rfxd8 18. Rxd8+ Rxd8 19. Bxb6 Rd5 20. gxf3
Nc4 21. Be3 Nxb2 22. Nxb2 Bxb2 23. Rb1 Bf6 24. Rb8+ Rd8 25. Rxd8+ Bxd8 26. c4
Kf8 27. Kf1 Ke7 28. Ke2 Kd7 29. Kd3 f5 30. c5 Kc6 31. Kc4 e5 32. f4 e4 33. Bd2
Bh4 34. Be3 h6 35. a4 g5 36. fxg5 hxg5 37. Kd4 f4 38. Bd2 Bxf2+ 39. Kxe4 Bxc5
40. h4 gxh4 41. Kxf4 Kd5 42. Kg4 Be7 43. Kh3 Kc4 44. Bc1 Kb4 45. Kg4 Kxa4 46.
Kh3 Kb5 47. Bb2 Kc4 48. Bg7 a5 49. Ba1 a4 50. Bb2 Kb3 51. Bc1 Bf6 52. Bh6 a3
53. Bc1 a2 54. Bb2 Kxb2 55. Kg4 a1=Q 56. Kh3 Qa3+ 57. Kg2 Be5 58. Kg1 Bd4+ 59.
Kg2 Qg3+ 60. Kf1 Qf2# 0-1